00787 a2200133 4500003000500000005001700005040000900022082001400031100002800045245006700073300001000140505047300150650003000623Nust20230406101737.0 cNust a954.1,RIZ aRizwanullah , Mohammad aLonely Guardian Of Khojak Pass / cLt Col Mohammad Rizwanullah a181;p aBaluchistan (Page-1), History of Baluchistan (Page-9), Sir Robert Sandeman (Page-31), Quetta (Page-53), Folklore of Baluchistan (Page-61), Water Supply in Ancient Time (Page-101), History of Quetta Water Supply 1889 to 1923 (Page-115), History of Quetta Water Supply 1923 to 1959 (Page-127), History of Quetta Water Supply 1960-1963 (Page-135), Karezes In Baluchistan (Page-153), Minutes of two Important Conferences in Connection With Quetta Water Supply (Page-161). aLonely Guardian Of Khojak